<?xml version="1.0" encoding="UTF-8"?>
<record
    xmlns:xsi="http://www.w3.org/2001/XMLSchema-instance"
    xsi:schemaLocation="http://www.loc.gov/MARC21/slim http://www.loc.gov/standards/marcxml/schema/MARC21slim.xsd"
    xmlns="http://www.loc.gov/MARC21/slim">

  <leader>00484nam a2200157Ia 4500</leader>
  <controlfield tag="008">230718s9999    xx            000 0 und d</controlfield>
  <datafield tag="041" ind1=" " ind2=" ">
    <subfield code="a">eng</subfield>
  </datafield>
  <datafield tag="082" ind1=" " ind2=" ">
    <subfield code="a">621.7</subfield>
    <subfield code="b">CHO</subfield>
  </datafield>
  <datafield tag="100" ind1=" " ind2=" ">
    <subfield code="a">Choudhury S.K.H.</subfield>
  </datafield>
  <datafield tag="245" ind1=" " ind2=" ">
    <subfield code="a">Elements Of Workshop Technology </subfield>
    <subfield code="b">Vol.II: Machine Tools</subfield>
  </datafield>
  <datafield tag="260" ind1=" " ind2=" ">
    <subfield code="c">2009</subfield>
    <subfield code="b">Media Promoters &amp; Publishers</subfield>
  </datafield>
  <datafield tag="300" ind1=" " ind2=" ">
    <subfield code="a">700</subfield>
  </datafield>
  <datafield tag="365" ind1=" " ind2=" ">
    <subfield code="c">Rs.</subfield>
    <subfield code="b">225.00</subfield>
  </datafield>
  <datafield tag="700" ind1=" " ind2=" ">
    <subfield code="a">Choudhury S.K.H.; Choudhury A.K.H. &amp; Roy N.</subfield>
  </datafield>
  <datafield tag="906" ind1=" " ind2=" ">
    <subfield code="d">O:0033309-Oct-2009B:71404-Jul-2009</subfield>
    <subfield code="c">SS</subfield>
    <subfield code="b">191.25</subfield>
  </datafield>
  <datafield tag="999" ind1=" " ind2=" ">
    <subfield code="c">322800</subfield>
    <subfield code="d">322800</subfield>
  </datafield>
  <datafield tag="952" ind1=" " ind2=" ">
    <subfield code="0">0</subfield>
    <subfield code="1">0</subfield>
    <subfield code="4">0</subfield>
    <subfield code="7">0</subfield>
    <subfield code="a">CCEP</subfield>
    <subfield code="b">CCEP</subfield>
    <subfield code="d">2009-10-09</subfield>
    <subfield code="e">Tbs</subfield>
    <subfield code="f">SS</subfield>
    <subfield code="g">186.75</subfield>
    <subfield code="i">714</subfield>
    <subfield code="l">0</subfield>
    <subfield code="o">621.7</subfield>
    <subfield code="p">CCEP-BK-34007</subfield>
    <subfield code="r">2023-07-18 00:00:00</subfield>
    <subfield code="t">191.25</subfield>
    <subfield code="v">225.00</subfield>
    <subfield code="w">2009-07-04</subfield>
    <subfield code="y">BK</subfield>
    <subfield code="z">034007</subfield>
  </datafield>
</record>
